[Event "Hamburg-ch Seniors 65+ op 26th"]
[Site "Hamburg"]
[Date "2019.11.12"]
[Round "2"]
[White "Lohkamp, Rolf"]
[Black "Heitsch, Karl Wilhelm"]
[Result "0-1"]
[WhiteElo "1462"]
[BlackElo "1492"]
[PlyCount "64"]
[EventDate "2019.11.11"]
[EventType "swiss"]
[EventRounds "9"]
[EventCountry "GER"]
[SourceTitle "EXT 2022"]
[Source "ChessBase"]
[SourceDate "2021.10.06"]
[SourceVersion "1"]
[SourceVersionDate "2021.10.06"]
[SourceQuality "1"]

1. d4 d5 2. c4 e6 3. Nc3 Nf6 4. Bg5 Be7 5. Nf3 Nbd7 6. e3 h6 7. Bh4 c6 8. h3 0-0 9. Bd3 dxc4 10. Bxc4 b5 11. Bd3 Bb7 12. 0-0 Rc8 13. Re1 a5 14. a3 b4 15. Ne4 Nxe4 16. Bxe7 Qxe7 17. Bxe4 f5 18. Bc2 c5 19. Ba4 Nb6 20. Bb5 cxd4 21. Ne5 Qg5 22. Bf1 dxe3 23. Qd6 exf2+ 24. Kh1 fxe1Q 25. Rxe1 Bd5 26. Qxb6 Rc2 27. Nf3 Bxf3 28. Qxe6+ Kh8 29. gxf3 Qg3 30. Re2 Qxf3+ 31. Kh2 Rxe2+ 32. Bxe2 Qf2+ 0-1

[Event "SVE Seniors op 2nd"]
[Site "Eidelstedt"]
[Date "2019.07.15"]
[Round "1"]
[White "Heitsch, Karl Wilhelm"]
[Black "Krueger, Dietrich"]
[Result "1-0"]
[WhiteElo "1547"]
[BlackElo "1212"]
[PlyCount "101"]
[EventDate "2019.07.15"]
[EventType "swiss"]
[EventRounds "7"]
[EventCountry "GER"]
[SourceTitle "EXT 2020"]
[Source "ChessBase"]
[SourceDate "2019.10.17"]
[SourceVersion "1"]
[SourceVersionDate "2019.10.17"]
[SourceQuality "1"]

1. d4 d5 2. c4 Nf6 3. e3 Bf5 4. Nc3 e6 5. a3 Bd6 6. Nf3 Nbd7 7. c5 Be7 8. Bb5 c6 9. Be2 Qc7 10. b4 0-0 11. Nh4 Bg6 12. Bb2 Ne4 13. Nxg6 fxg6 14. Nxe4 dxe4 15. Bc4 Kh8 16. Bxe6 Bh4 17. g3 Bf6 18. Qg4 Rad8 19. Qxe4 Rfe8 20. Qg4 b6 21. Qh3 Nf8 22. Ba2 a5 23. Bc3 bxc5 24. bxc5 Bxd4 25. Bxd4 Rxd4 26. 0-0 Rde4 27. Rae1 Qe5 28. Rc1 Ra4 29. Bf7 Re7 30. Ba2 Rxa3 31. Rc2 Nd7 32. Rd1 Qf5 33. Qxf5 gxf5 34. Bb1 h5 35. Rc4 g5 36. Bxf5 Ne5 37. Rd8+ Kg7 38. Rc1 Kf6 39. Be4 h4 40. Kg2 Ng4 41. Bxc6 Ra2 42. Rf8+ Kg7 43. Rf3 hxg3 44. hxg3 Nxe3+ 45. Kg1 Ng4 46. Bd5 Ne5 47. Re3 Kf6 48. Bxa2 Nc6 49. Rxe7 Kxe7 50. Rd1 Kf6 51. Rd6+ 1-0

[Event "Hamburg-ch Seniors 65+"]
[Site "Hamburg"]
[Date "2018.11.05"]
[Round "6"]
[White "Meyer, Winfried"]
[Black "Heitsch, Karl Wilhelm"]
[Result "1-0"]
[WhiteElo "1658"]
[BlackElo "1492"]
[PlyCount "75"]
[EventDate "2018.10.31"]
[EventType "swiss"]
[EventRounds "9"]
[EventCountry "GER"]
[SourceTitle "CBM 189 Extra"]
[Source "ChessBase"]
[SourceDate "2019.06.03"]
[SourceVersion "1"]
[SourceVersionDate "2019.06.03"]
[SourceQuality "1"]

1. e4 c5 2. c3 e6 3. d4 d5 4. Bd3 c4 5. Bc2 b5 6. Qe2 Bb7 7. e5 g6 8. a4 b4 9. cxb4 Bxb4+ 10. Bd2 Nc6 11. Nf3 Qb6 12. 0-0 Ba6 13. Bc3 Nge7 14. Qd2 Ng8 15. Na3 Bf8 16. Rfb1 Nb4 17. a5 Qb7 18. Ba4+ Kd8 19. b3 Rb8 20. h3 f6 21. bxc4 Bxc4 22. Nxc4 dxc4 23. exf6 Nxf6 24. Ng5 Ne4 25. Nxe4 Qxe4 26. Bxb4 Bxb4 27. Rxb4 Ke7 28. Rxc4 Rb1+ 29. Rxb1 Qxb1+ 30. Kh2 Qb8+ 31. g3 Rf8 32. Qg5+ Kf7 33. Qe5 Qxe5 34. dxe5 Kg7 35. Rc7+ Rf7 36. Rxf7+ Kxf7 37. f4 g5 38. fxg5 1-0